000
00336nam a2200145Ia 4500
008
150201s2012 xx 000 0 und d
082
_a
611
_b
H2012N
100
_a
NEILS.NORTON
245
_a
NETTERS HEAD & NACK ANATOMY
250
_a
1ST
260
_b
ELSEVIER
_a
DELHI
_c
2012
300
_a
Jan-00
650
_a
ANATOMY
942
_2
ddc
_c
BK
999
_c
4749
_d
4749